000 00531nam a22001937a 4500
008 131031b xxu||||| |||| 00| 0 ger d
020 _a3931659119
041 0 _ager
080 _a33:621
100 1 _aBabbage, Charles
245 _aDie ökonomie der maschine /
_cCharles Babbage
260 _aBerlin :
_bKulturverlag Kadmos ;
_c1999.
300 _a283 f. :
_b23 cm.
500 _aVorwort von Peter Brödner : f. [XV]-XXVIII
650 0 _aEkonomia e makinave
650 0 _aEkonomia
650 0 _aMakineritë
942 _2udc
_cBK
999 _c229
_d229